Compiler Construction (Record no. 181908)
[ view plain ]
| 000 -LEADER | |
|---|---|
| fixed length control field | 00413nam a2200157Ia 4500 |
| 008 - FIXED-LENGTH DATA ELEMENTS--GENERAL INFORMATION | |
| fixed length control field | 230714s9999 xx 000 0 und d |
| 041 ## - LANGUAGE CODE | |
| Language code of text/sound track or separate title | eng |
| 082 ## - DEWEY DECIMAL CLASSIFICATION NUMBER | |
| Classification number | 005.4'53 |
| Item number | LOU |
| 100 ## - MAIN ENTRY--PERSONAL NAME | |
| Personal name | Louden K.C. |
| 245 ## - TITLE STATEMENT | |
| Title | Compiler Construction |
| Remainder of title | Principles And Practice |
| 260 ## - PUBLICATION, DISTRIBUTION, ETC. (IMPRINT) | |
| Date of publication, distribution, etc. | 1997 |
| Name of publisher, distributor, etc. | Thomson Publication |
| 300 ## - PHYSICAL DESCRIPTION | |
| Extent | 582 |
| 365 ## - TRADE PRICE | |
| Currency code | Rs. |
| Price amount | 350.00 |
| 700 ## - ADDED ENTRY--PERSONAL NAME | |
| Personal name | Louden K.C. |
| 906 ## - LOCAL DATA ELEMENT F, LDF (RLIN) | |
| d | B:84612-Nov-2003 |
| c | COMP |
| b | 210 |
No items available.